UEFA Euro 1992 Final Germany - Denmark - Statistics

General Stats
  • This quiz has been taken 187 times
  • The average score is 12 of 27
Answer Stats
Player % Correct
Peter Schmeichel
96%
Brian Laudrup
90%
Jürgen Klinsmann
77%
Bodo Illgner
59%
Jürgen Kohler
59%
Richard Møller Nielsen
57%
Andreas Brehme
56%
Matthias Sammer
55%
Thomas Häßler
49%
Stefan Effenberg
45%
John Jensen ¹
43%
Karl-Heinz Riedle
43%
Henrik Larsen
41%
Lars Olsen
39%
Berti Vogts
38%
Guido Buchwald
35%
Kim Vilfort ¹
35%
Thomas Helmer
34%
Stefan Reuter
33%
Flemming Povlsen
32%
Kent Nielsen
32%
Kim Christofte
28%
John Sivebæk
20%
Thomas Doll
18%
Andreas Thom
17%
Claus Christiansen
16%
Torben Piechnik
14%
No matching quizzes found
Score Distribution
Percent of People with Each Score
Percentile by Number Answered
Your Score History
You have not taken this quiz